000 00394nam a2200157 i 4500
001 bg
100 1 _aFERENEC, V. A.
245 0 _aPoluprovodnikovye strujnye termoanemometry /
_cV. A. Ferenc.
260 _aMoskwa :
_b"Energija",
_c1972.
300 _a111 s. :
_bilustr.
040 _cBPK
041 _apol
080 _a621.317.3
942 _cKS
008 s pl f |000 0 pol
999 _c14887
_d14887
856 _uhttp://koha.tu.koszalin.pl/cgi-bin/koha/opac-detail.pl?biblionumber=14887
_yKatalog online BPK